[Event "Weekend A"]
[Site "Bassano del Grappa ITA"]
[Date "1998.12.26"]
[Round "1"]
[White "Agosto, Erika"]
[Black "Genocchio, Daniele"]
[Result "0-1"]
[WhiteElo "2040"]
[BlackElo "2195"]
[PlyCount "72"]
[EventDate "1998.12.26"]

1. e4 c5 2. Nf3 Nc6 3. d4 cxd4 4. Nxd4 Nf6 5. Nc3 e5 6. Ndb5 d6 7. Bg5 a6 8.
Na3 b5 9. Nd5 Be7 10. Bxf6 Bxf6 11. c3 O-O 12. Nc2 Bg5 13. Be2 Be6 14. Nce3 Nb8
15. O-O Nd7 16. Kh1 Rb8 17. a3 g6 18. f4 exf4 19. Nxf4 Nc5 20. Bd3 Bb3 21. Qd2
Re8 22. Rae1 Nxe4 23. Bxe4 Rxe4 24. g3 Qe7 25. Neg2 f5 26. Qf2 d5 27. Nh3 Bh6
28. Qf3 Bc4 29. Rg1 Re8 30. Rxe4 dxe4 31. Qd1 Rd8 32. Qb1 Be2 33. Nhf4 Bxf4 34.
Nxf4 Bf3+ 35. Ng2 Rd2 36. Qa2+ Kg7 0-1

[Event "Weekend A"]
[Site "Bassano del Grappa ITA"]
[Date "1998.12.26"]
[Round "1"]
[White "Dervishi, Erald"]
[Black "Alberton, Roberto"]
[Result "1/2-1/2"]
[WhiteElo "2430"]
[BlackElo "2140"]
[PlyCount "109"]
[EventDate "1998.12.26"]

1. e4 e5 2. Nf3 Nc6 3. Bb5 a6 4. Ba4 Nf6 5. O-O Be7 6. Re1 b5 7. Bb3 O-O 8. c3
d6 9. h3 Na5 10. Bc2 c5 11. d4 Qc7 12. Nbd2 Bd7 13. Nf1 cxd4 14. cxd4 Rac8 15.
Ne3 Rfe8 16. b3 Bf8 17. d5 g6 18. Bd2 Nb7 19. b4 Nh5 20. Bd3 Nf4 21. Bf1 Bg7
22. Rc1 Qb8 23. Nc2 h6 24. Kh2 Kh7 25. g3 Nh5 26. Ne3 Nf6 27. Bd3 Rxc1 28. Qxc1
Rc8 29. Qb1 Rc7 30. Ng1 Ng8 31. Ne2 Qc8 32. g4 Ne7 33. Ng3 Bf6 34. Ng2 Bg7 35.
f3 Be8 36. h4 Bd7 37. Qd1 Ng8 38. Be3 Qe8 39. Qd2 Qa8 40. Rf1 Be8 41. h5 Rc8
42. hxg6+ fxg6 43. g5 hxg5 44. Bxg5 Bh6 45. Bxh6 Nxh6 46. Ne3 Rc7 47. Kg2 Kg7
48. Rh1 Nf7 49. Ng4 Qd8 50. f4 exf4 51. Qxf4 Qg5 52. Qxg5 Nxg5 53. e5 dxe5 54.
Nxe5 Nd6 55. Re1 1/2-1/2

[Event "Weekend A"]
[Site "Bassano del Grappa ITA"]
[Date "1998.12.26"]
[Round "1"]
[White "Luciani, Valerio"]
[Black "Ventura, Boris"]
[Result "1-0"]
[WhiteElo "2230"]
[BlackElo "2115"]
[PlyCount "69"]
[EventDate "1998.12.26"]

1. d4 Nf6 2. Nf3 e6 3. Bg5 Be7 4. e3 b6 5. Bd3 Bb7 6. Nbd2 c5 7. O-O O-O 8. Qe2
d5 9. c3 Ne4 10. Bf4 Nd7 11. Rad1 g5 12. Bg3 f5 13. Ne5 Nxg3 14. hxg3 Nxe5 15.
dxe5 Qc7 16. f4 g4 17. c4 Kg7 18. Nb1 h5 19. Qc2 h4 20. cxd5 Bxd5 21. gxh4 c4
22. Bxf5 Rxf5 23. Rxd5 Bc5 24. Rfd1 Rf7 25. R5d4 Bxd4 26. Rxd4 g3 27. Qd1 Kh8
28. Nc3 Qe7 29. Qh5+ Rh7 30. Qg5 Qxg5 31. hxg5 Rc8 32. Ne4 Rcc7 33. Nf6 Rh2 34.
Rd8+ Kg7 35. Ne8+ 1-0

[Event "Weekend A"]
[Site "Bassano del Grappa ITA"]
[Date "1998.12.26"]
[Round "1"]
[White "Pojer, Romeo"]
[Black "Everet, Alexandro"]
[Result "1-0"]
[WhiteElo "2125"]
[BlackElo "2260"]
[PlyCount "59"]
[EventDate "1998.12.26"]

1. e4 g6 2. d4 Bg7 3. Nc3 d6 4. Be3 Nf6 5. Qd2 c6 6. f3 O-O 7. O-O-O Re8 8. g4
b5 9. h4 Qa5 10. Kb1 b4 11. Nce2 Be6 12. Nc1 Na6 13. h5 Reb8 14. hxg6 fxg6 15.
Nh3 Bxg4 16. Nb3 Qa4 17. fxg4 Nc7 18. Nf2 Nb5 19. g5 Nd7 20. Bc4+ d5 21. exd5
Nd6 22. Qe2 Nb6 23. Nc5 Qa5 24. Bb3 cxd5 25. Bf4 Re8 26. Qe6+ Nf7 27. Ng4 Rad8
28. Nh6+ Bxh6 29. Rxh6 Nc4 30. Rxh7 1-0

[Event "Weekend A"]
[Site "Bassano del Grappa ITA"]
[Date "1998.12.26"]
[Round "1"]
[White "Rossato, Armando"]
[Black "Zinani, Alessandro"]
[Result "1-0"]
[WhiteElo "1923"]
[BlackElo "2145"]
[PlyCount "49"]
[EventDate "1998.12.26"]

1. d4 f5 2. e4 fxe4 3. Nc3 Nf6 4. f3 exf3 5. Nxf3 e6 6. Bg5 Be7 7. Bd3 O-O 8.
O-O Nc6 9. a3 d6 10. Qe2 Bd7 11. Rad1 Qe8 12. b4 a6 13. Ne4 Nxe4 14. Qxe4 g6
15. Bxe7 Nxe7 16. Ng5 Nf5 17. Qxb7 Qc8 18. Qe4 c5 19. bxc5 dxc5 20. d5 Re8 21.
dxe6 Bc6 22. Qe5 Re7 23. g4 c4 24. gxf5 cxd3 25. f6 1-0

[Event "Weekend A"]
[Site "Bassano del Grappa ITA"]
[Date "1998.12.26"]
[Round "1"]
[White "Solinas, Carlo"]
[Black "Fontana, Enrico"]
[Result "1-0"]
[WhiteElo "2160"]
[BlackElo "1947"]
[PlyCount "61"]
[EventDate "1998.12.26"]

1. e4 e6 2. d4 d5 3. Nc3 dxe4 4. Nxe4 Nd7 5. Nf3 Ngf6 6. Bd3 Nxe4 7. Bxe4 Nf6
8. Bd3 Be7 9. O-O O-O 10. Qe2 b6 11. Rd1 Bb7 12. c4 Kh8 13. Ne5 Qxd4 14. Bxh7
Qh4 15. Bg6 Bd6 16. Rd3 Bxe5 17. Rh3 Bxh2+ 18. Kxh2 Qxh3+ 19. Kxh3 fxg6 20. Be3
e5 21. Rh1 Kg8 22. Kh2 Rad8 23. Rd1 Nh5 24. b4 Nf4 25. Bxf4 Rxd1 26. Qxd1 exf4
27. f3 Rf7 28. Qd8+ Kh7 29. Kg1 Bc6 30. b5 Rd7 31. Qh4+ 1-0

[Event "Weekend A"]
[Site "Bassano del Grappa ITA"]
[Date "1998.12.26"]
[Round "2"]
[White "Alberton, Roberto"]
[Black "Rossato, Armando"]
[Result "1-0"]
[WhiteElo "2140"]
[BlackElo "1923"]
[PlyCount "111"]
[EventDate "1998.12.26"]

1. d4 Nf6 2. Nf3 e6 3. Bg5 c5 4. Bxf6 Qxf6 5. e4 cxd4 6. Qxd4 Qxd4 7. Nxd4 a6
8. Bd3 Bc5 9. Nb3 Ba7 10. O-O Nc6 11. N1d2 d6 12. Rfd1 Ke7 13. Nf3 Bd7 14. c3
Rac8 15. Rd2 Rhd8 16. Rad1 Be8 17. Bb1 b5 18. Bd3 Rb8 19. Nfd4 Ne5 20. Be2 Bb6
21. Rc2 Rbc8 22. Kf1 g5 23. Rdc1 Nc4 24. Ke1 f6 25. Nd2 Bg6 26. Bxc4 bxc4 27.
f3 d5 28. Rd1 h5 29. Rcc1 g4 30. b3 gxf3 31. gxf3 e5 32. Ne2 cxb3 33. axb3 dxe4
34. Nxe4 f5 35. Nf2 h4 36. Ra1 a5 37. Nd3 Kf6 38. f4 e4 39. Ne5 Be8 40. Rxd8
Bxd8 41. Rd1 Bc7 42. Rd5 a4 43. bxa4 Bxa4 44. Rc5 Ke7 45. Nd4 Bd7 46. Nxd7 Kxd7
47. Rxf5 Rg8 48. Rf7+ Kc8 49. Kf2 h3 50. Ke3 Rg2 51. Kxe4 Rxh2 52. Rh7 Rh1 53.
Ne6 Ba5 54. Kd5 h2 55. Kc6 Rd1 56. Rh8+ 1-0

[Event "Weekend A"]
[Site "Bassano del Grappa ITA"]
[Date "1998.12.26"]
[Round "2"]
[White "Everet, Alexandro"]
[Black "Dervishi, Erald"]
[Result "0-1"]
[WhiteElo "2260"]
[BlackElo "2430"]
[PlyCount "116"]
[EventDate "1998.12.26"]

1. d4 Nf6 2. c4 e6 3. Nf3 d5 4. Nc3 Be7 5. e3 O-O 6. cxd5 exd5 7. Bd3 b6 8. h3
Bb7 9. O-O Nbd7 10. Bd2 a6 11. Qc2 Bd6 12. Rae1 Re8 13. e4 dxe4 14. Nxe4 Nxe4
15. Bxe4 Bxe4 16. Rxe4 Rxe4 17. Qxe4 Nf6 18. Qh4 Qd7 19. Bh6 Qf5 20. Bg5 Ne4
21. Re1 Nxg5 22. Qxg5 Qxg5 23. Nxg5 Rd8 24. Nf3 f6 25. Kf1 Kf7 26. a3 h5 27. g3
g5 28. Re3 g4 29. hxg4 hxg4 30. Nh4 Rg8 31. Nf5 Bf8 32. Rc3 Ke6 33. Ne3 Rg7 34.
d5+ Ke5 35. Rc4 f5 36. b4 Rf7 37. Rf4 Rf6 38. Rc4 Rf7 39. Rf4 Rf6 40. Rc4 Bh6
41. Rxc7 Bxe3 42. Re7+ Kxd5 43. Rxe3 Rc6 44. Re8 Rc3 45. Rf8 Ke4 46. Kg2 Rxa3
47. Re8+ Kd5 48. Rf8 Rf3 49. Rf6 b5 50. Rxa6 Kc4 51. Kf1 Kxb4 52. Ke2 Kb3 53.
Rd6 b4 54. Ra6 Kb2 55. Ra8 b3 56. Rc8 Kb1 57. Ra8 b2 58. Kd1 Rd3+ 0-1

[Event "Weekend A"]
[Site "Bassano del Grappa ITA"]
[Date "1998.12.26"]
[Round "2"]
[White "Fontana, Enrico"]
[Black "Agosto, Erika"]
[Result "1/2-1/2"]
[WhiteElo "1947"]
[BlackElo "2040"]
[PlyCount "53"]
[EventDate "1998.12.26"]

1. e4 e5 2. Nf3 Nc6 3. d4 exd4 4. Nxd4 Bc5 5. Nb3 Bb6 6. Bd3 Nge7 7. Nc3 a6 8.
O-O O-O 9. Kh1 d6 10. f4 f5 11. Nd5 Ba7 12. Qe1 Be6 13. c4 Qd7 14. Bd2 Rae8 15.
Qg3 fxe4 16. Bxe4 Nf5 17. Bxf5 Bxf5 18. Bc3 Kh8 19. Rae1 Qf7 20. Rxe8 Rxe8 21.
Re1 Rxe1+ 22. Qxe1 h6 23. Qh4 Kh7 24. Nd2 Nd4 25. Bxd4 Bxd4 26. Nf3 Bf6 27.
Ng5+ 1/2-1/2

[Event "Weekend A"]
[Site "Bassano del Grappa ITA"]
[Date "1998.12.26"]
[Round "2"]
[White "Genocchio, Daniele"]
[Black "Luciani, Valerio"]
[Result "1-0"]
[WhiteElo "2195"]
[BlackElo "2230"]
[PlyCount "113"]
[EventDate "1998.12.26"]

1. e4 e6 2. d4 d5 3. e5 c5 4. c3 Nc6 5. Be3 cxd4 6. Bxd4 Bd7 7. Nf3 Nge7 8. Be2
Nxd4 9. cxd4 Nc6 10. O-O f6 11. Nc3 fxe5 12. Nxe5 Nxe5 13. dxe5 Qc7 14. Bd3 g6
15. Rc1 Bc6 16. Nb5 Qb6 17. Nd4 Bd7 18. Qg4 Bg7 19. Nf3 O-O 20. h4 Rae8 21. h5
Bc6 22. hxg6 h6 23. Rc2 Re7 24. b3 Rxf3 25. Qxf3 Bxe5 26. Re1 Qc7 27. g3 Bg7
28. Rce2 e5 29. Bf5 Qd6 30. Rd1 Qf6 31. Qg4 e4 32. Rde1 Re5 33. Bd7 h5 34. Qh3
Qxg6 35. Bxc6 bxc6 36. Qd7 Rg5 37. Qc8+ Kh7 38. Qh3 Bd4 39. Kh1 Qf6 40. f4 Rg6
41. Rh2 Rh6 42. Qd7+ Qg7 43. Qf5+ Qg6 44. Qd7+ Qg7 45. Qf5+ Qg6 46. Qd7+ Bg7
47. Rg2 Qe6 48. Qxa7 Rg6 49. Qe3 Qh3+ 50. Rh2 Qxg3 51. Rxh5+ Kg8 52. Qxg3 Rxg3
53. Rg1 Rf3 54. Rhg5 Rh3+ 55. Kg2 Rh7 56. Kf2 Kf7 57. Rxg7+ 1-0

[Event "Weekend A"]
[Site "Bassano del Grappa ITA"]
[Date "1998.12.26"]
[Round "2"]
[White "Pojer, Romeo"]
[Black "Solinas, Carlo"]
[Result "0-1"]
[WhiteElo "2125"]
[BlackElo "2160"]
[PlyCount "116"]
[EventDate "1998.12.26"]

1. e4 e5 2. Nf3 Nc6 3. Bb5 f5 4. d3 fxe4 5. dxe4 Nf6 6. Bg5 d6 7. Nbd2 Be7 8.
c3 O-O 9. Qe2 Kh8 10. h3 Qe8 11. g4 a6 12. Bc4 Nd8 13. Nh4 b5 14. Bb3 c5 15.
Nf5 c4 16. Bc2 Ne6 17. Be3 g6 18. Nh4 Bb7 19. Nhf3 Nd7 20. b3 cxb3 21. axb3 Rc8
22. c4 Nf4 23. Bxf4 Rxf4 24. Bd3 b4 25. Qe3 Nc5 26. Bc2 Qf7 27. Ke2 Rf8 28.
Rhf1 Bd8 29. Nxe5 Qe6 30. Nd3 Nxd3 31. Bxd3 Qe5 32. f3 Bg5 33. Qb6 R4f7 34. Ra5
Bd8 35. Rxe5 Bxb6 36. Re6 Bc5 37. f4 Bc8 38. f5 Bxe6 39. fxe6 Rxf1 40. Nxf1 Re8
41. Nd2 Rxe6 42. Bc2 Kg7 43. Nf3 Re7 44. Bd3 a5 45. Bc2 Rb7 46. Nd2 Kf6 47. Nf3
a4 48. bxa4 b3 49. g5+ Ke6 50. Bd3 Ra7 51. Nd2 Rxa4 52. Nxb3 Ra2+ 53. Kf3 Ke5
54. Be2 Ra3 55. Bd1 Ra2 56. Be2 Ra8 57. Kg4 Rf8 58. Bf3 Bf2 0-1

[Event "Weekend A"]
[Site "Bassano del Grappa ITA"]
[Date "1998.12.26"]
[Round "2"]
[White "Ventura, Boris"]
[Black "Zinani, Alessandro"]
[Result "1-0"]
[WhiteElo "2115"]
[BlackElo "2145"]
[PlyCount "67"]
[EventDate "1998.12.26"]

1. e4 c5 2. Nf3 Nc6 3. d4 cxd4 4. Nxd4 Nf6 5. Nc3 e5 6. Ndb5 d6 7. Bg5 a6 8.
Na3 b5 9. Nd5 Be7 10. Bxf6 Bxf6 11. c3 O-O 12. Nc2 Bg5 13. a4 bxa4 14. Rxa4 a5
15. Bc4 Be6 16. O-O Rb8 17. Ra2 Ne7 18. Nce3 Bxe3 19. Nxe3 Qc7 20. Qd3 Rfc8 21.
Bd5 Bd7 22. Qd2 a4 23. Bc4 Bc6 24. f3 Rd8 25. Rd1 Qb6 26. Kh1 Qc5 27. Bd5 Bb5
28. c4 Be8 29. Nf5 Ng6 30. Qg5 Kf8 31. h4 Qc7 32. h5 f6 33. hxg6 Bxg6 34. Qd2
1-0

[Event "Weekend A"]
[Site "Bassano del Grappa ITA"]
[Date "1998.12.27"]
[Round "3"]
[White "Agosto, Erika"]
[Black "Ventura, Boris"]
[Result "1-0"]
[WhiteElo "2040"]
[BlackElo "2115"]
[PlyCount "73"]
[EventDate "1998.12.26"]

1. e4 e5 2. Nf3 Nc6 3. Bc4 Bc5 4. c3 Nf6 5. d3 d6 6. Bg5 Be6 7. Nbd2 Qd7 8. O-O
h6 9. Be3 Bg4 10. Bb5 a6 11. Ba4 b5 12. Bb3 O-O 13. a4 Qe7 14. Qc2 Bxf3 15.
Nxf3 Ng4 16. Qe2 Rfb8 17. h3 Nf6 18. Nh4 Qd7 19. Nf5 Ne7 20. Nxe7+ Qxe7 21.
axb5 axb5 22. d4 exd4 23. cxd4 Bb6 24. f3 c6 25. Rfc1 Qb7 26. Rxa8 Rxa8 27. Qc2
c5 28. dxc5 dxc5 29. Qf2 Rc8 30. Bd1 Nd7 31. b3 c4 32. bxc4 Bxe3 33. Qxe3 bxc4
34. Be2 Qb4 35. Qd4 Nb6 36. Kf2 c3 37. Qxb4 1-0

[Event "Weekend A"]
[Site "Bassano del Grappa ITA"]
[Date "1998.12.27"]
[Round "3"]
[White "Dervishi, Erald"]
[Black "Pojer, Romeo"]
[Result "1-0"]
[WhiteElo "2430"]
[BlackElo "2125"]
[PlyCount "41"]
[EventDate "1998.12.26"]

1. e4 d6 2. d4 Nf6 3. Nc3 g6 4. Nf3 Bg7 5. Be2 O-O 6. O-O Nc6 7. d5 Nb8 8. h3
c5 9. Be3 Na6 10. Nd2 Nc7 11. a4 b6 12. f4 e6 13. Bf3 exd5 14. exd5 Re8 15. Re1
Bb7 16. Nc4 Ba6 17. Qd3 Rxe3 18. Rxe3 Nfxd5 19. Nxd5 Nxd5 20. Qxd5 Bxc4 21.
Qxa8 1-0

[Event "Weekend A"]
[Site "Bassano del Grappa ITA"]
[Date "1998.12.27"]
[Round "3"]
[White "Luciani, Valerio"]
[Black "Alberton, Roberto"]
[Result "1/2-1/2"]
[WhiteElo "2230"]
[BlackElo "2140"]
[PlyCount "100"]
[EventDate "1998.12.26"]

1. c4 e5 2. Nc3 Nc6 3. g3 Nf6 4. Bg2 Be7 5. Nf3 O-O 6. O-O d6 7. d4 exd4 8.
Nxd4 Bd7 9. b3 Re8 10. Bb2 Bf8 11. Re1 g6 12. e4 Bg7 13. Nd5 Nxd5 14. cxd5 Nxd4
15. Bxd4 Bxd4 16. Qxd4 c5 17. dxc6 Bxc6 18. f3 Qa5 19. Red1 Rad8 20. a4 Qc5 21.
b4 Qxd4+ 22. Rxd4 Bd7 23. Rxd6 Be6 24. Rad1 Rc8 25. a5 Rc4 26. R6d4 Rec8 27. g4
g5 28. Kf2 Rxd4 29. Rxd4 Rc2+ 30. Kg3 Rb2 31. Bf1 Kg7 32. e5 Kf8 33. Bd3 h6 34.
h4 Ke7 35. hxg5 hxg5 36. f4 gxf4+ 37. Kxf4 Rg2 38. Kf3 Rb2 39. Bf5 Rb3+ 40. Ke4
Rb2 41. Bxe6 Kxe6 42. Rc4 Re2+ 43. Kf4 Rxe5 44. Re4 Rxe4+ 45. Kxe4 f6 46. Kd4
Kd6 47. b5 b6 48. axb6 axb6 49. Ke4 Ke6 50. Kf4 Ke7 1/2-1/2

[Event "Weekend A"]
[Site "Bassano del Grappa ITA"]
[Date "1998.12.27"]
[Round "3"]
[White "Rossato, Armando"]
[Black "Fontana, Enrico"]
[Result "1-0"]
[WhiteElo "1923"]
[BlackElo "1947"]
[PlyCount "73"]
[EventDate "1998.12.26"]

1. d4 Nf6 2. Nf3 c5 3. c3 cxd4 4. cxd4 g6 5. Nc3 Bg7 6. e4 d6 7. h3 O-O 8. Bg5
Nc6 9. Qd2 Re8 10. Rc1 a6 11. Be2 Qa5 12. O-O e5 13. Bxf6 Bxf6 14. Nd5 Qd8 15.
Nxf6+ Qxf6 16. d5 Nd4 17. Rc7 Qf4 18. Qd3 Nxe2+ 19. Qxe2 f5 20. g3 Qh6 21. h4
Qh5 22. Qd3 h6 23. Rfc1 fxe4 24. Qxe4 Bf5 25. Qe3 Rac8 26. Rxb7 Rxc1+ 27. Qxc1
Rc8 28. Qe3 g5 29. hxg5 Bg4 30. Ne1 hxg5 31. b4 Bd1 32. Ra7 g4 33. Rxa6 Bf3 34.
Nxf3 gxf3 35. Rxd6 Rc7 36. Rh6 Qf5 37. Qb6 1-0

[Event "Weekend A"]
[Site "Bassano del Grappa ITA"]
[Date "1998.12.27"]
[Round "3"]
[White "Solinas, Carlo"]
[Black "Genocchio, Daniele"]
[Result "0-1"]
[WhiteElo "2160"]
[BlackElo "2195"]
[PlyCount "94"]
[EventDate "1998.12.26"]

1. e4 c5 2. d4 cxd4 3. c3 Nc6 4. Nf3 d5 5. exd5 Qxd5 6. cxd4 e5 7. Nc3 Bb4 8.
Bd2 Bxc3 9. Bxc3 e4 10. Ne5 Nxe5 11. dxe5 Ne7 12. Qa4+ Bd7 13. Qa3 Qe6 14. Rd1
O-O 15. Rd6 Qf5 16. g4 Qxg4 17. h3 Qf5 18. Be2 Bc6 19. Rg1 Ng6 20. Qc5 Rfe8 21.
Bg4 Qf4 22. e6 fxe6 23. Qd4 e5 24. Qc4+ Kh8 25. Bd2 e3 26. Qxf4 exf4 27. fxe3
fxe3 28. Bc3 Re7 29. Rf1 Nh4 30. Be2 Bd7 31. Kd1 Nf5 32. Rd5 Ng3 33. Rf4 Bc6
34. Rg5 Ne4 35. Rh5 Rd7+ 36. Kc2 Ng3 37. Rfh4 Nxh5 38. Rxh5 Be4+ 39. Kb3 Re8
40. Rg5 h6 41. Rh5 Kh7 42. Rc5 Bd3 43. Bg4 Rf7 44. Rd5 Be4 45. Rd1 Bf3 46. Bxf3
Rxf3 47. Rd7 Rg3 0-1

[Event "Weekend A"]
[Site "Bassano del Grappa ITA"]
[Date "1998.12.27"]
[Round "3"]
[White "Zinani, Alessandro"]
[Black "Everet, Alexandro"]
[Result "0-1"]
[WhiteElo "2145"]
[BlackElo "2260"]
[PlyCount "108"]
[EventDate "1998.12.26"]

1. d4 d5 2. Nf3 e6 3. Bg5 Be7 4. Bxe7 Nxe7 5. e3 O-O 6. Bd3 h6 7. O-O c5 8. c3
Nbc6 9. Nbd2 f5 10. Re1 c4 11. Bc2 b5 12. a3 Bd7 13. b4 Qc7 14. Nf1 a5 15. Qe2
Ra7 16. Rac1 axb4 17. axb4 Ra3 18. Bb1 Rfa8 19. Ng3 Kh8 20. Red1 Ng8 21. Nd2
Nf6 22. Nh5 Nxh5 23. Qxh5 Be8 24. Qh4 Qe7 25. Qg3 Bf7 26. Re1 Qf6 27. Qf4 Ne7
28. Qc7 R3a7 29. Qd6 Nc8 30. Qf4 Nb6 31. Qd6 Na4 32. Rc2 Bg6 33. Qf4 Bh7 34. f3
g5 35. Qd6 Rd8 36. Qc6 Bg6 37. Ra2 Be8 38. Rxa4 bxa4 39. Qb6 Rf7 40. Rf1 Ra8
41. Ba2 Kg7 42. Qd6 Rd7 43. Qc6 Raa7 44. f4 g4 45. Rb1 Kf7 46. Qc8 Rdc7 47. Qb8
Rab7 48. Qa8 Bc6 49. Qa5 Bb5 50. Rb2 Qd8 51. Nb1 Qd6 52. Qa8 Be8 53. Na3 Ke7
54. Rb1 Qb6 0-1

[Event "Weekend A"]
[Site "Bassano del Grappa ITA"]
[Date "1998.12.27"]
[Round "4"]
[White "Alberton, Roberto"]
[Black "Solinas, Carlo"]
[Result "1-0"]
[WhiteElo "2140"]
[BlackElo "2160"]
[PlyCount "108"]
[EventDate "1998.12.26"]

1. Nf3 Nf6 2. d4 g6 3. b3 d5 4. Bb2 Bg7 5. e3 O-O 6. Bd3 c5 7. O-O Nc6 8. dxc5
Qa5 9. Ne5 Qxc5 10. Nxc6 Qxc6 11. Nd2 Qd6 12. Nf3 Bg4 13. Be2 Rac8 14. Rc1 Rfd8
15. Be5 Qe6 16. Qd4 Bf5 17. c3 Ne8 18. Bxg7 Nxg7 19. Qb4 b6 20. Nd4 Qd6 21.
Qxd6 Rxd6 22. Ba6 Rcd8 23. Rfd1 Bc8 24. Bxc8 Rxc8 25. Nb5 Rd7 26. c4 a6 27. Na3
Ne6 28. Rc2 d4 29. exd4 Nxd4 30. Rcd2 e5 31. Kf1 Rcd8 32. Nc2 Kf8 33. Nxd4 exd4
34. Re2 Re7 35. Rde1 Red7 36. Rd1 Re7 37. Ke1 Re6 38. Kd2 Ke7 39. Rde1 Kf6 40.
Kd3 Rdd6 41. Re4 Rd8 42. Rf4+ Ke7 43. Rxe6+ fxe6 44. Rxd4 Rf8 45. Ke3 Rf5 46.
Rh4 h5 47. Rd4 Re5+ 48. Kd2 Rf5 49. f4 g5 50. Ke3 e5 51. fxe5 Ke6 52. Rd6+ Ke7
53. Rxb6 Rxe5+ 54. Kd3 Rf5 1-0

[Event "Weekend A"]
[Site "Bassano del Grappa ITA"]
[Date "1998.12.27"]
[Round "4"]
[White "Everet, Alexandro"]
[Black "Agosto, Erika"]
[Result "1-0"]
[WhiteElo "2260"]
[BlackElo "2040"]
[PlyCount "41"]
[EventDate "1998.12.26"]

1. e4 e5 2. Nf3 Nc6 3. Nc3 d6 4. h3 Nf6 5. d4 exd4 6. Nxd4 Bd7 7. Be3 g6 8. Qd2
Bg7 9. O-O-O a6 10. f4 Qe7 11. g4 Nxd4 12. Bxd4 Bc6 13. Bg2 O-O 14. Rde1 Qd7
15. f5 Rae8 16. g5 Nxe4 17. Bxe4 Bxe4 18. Nxe4 Qxf5 19. Bxg7 Kxg7 20. Qc3+ Re5
21. Rhf1 1-0

[Event "Weekend A"]
[Site "Bassano del Grappa ITA"]
[Date "1998.12.27"]
[Round "4"]
[White "Fontana, Enrico"]
[Black "Zinani, Alessandro"]
[Result "0-1"]
[WhiteElo "1947"]
[BlackElo "2145"]
[PlyCount "106"]
[EventDate "1998.12.26"]

1. e4 c5 2. c3 e6 3. d4 d5 4. e5 Nc6 5. Be3 cxd4 6. cxd4 Nh6 7. Nf3 Qb6 8. Qd2
Bd7 9. Bd3 Nb4 10. Nc3 Nxd3+ 11. Qxd3 Nf5 12. O-O h5 13. Rfc1 Be7 14. b3 Ba3
15. Rc2 O-O 16. Na4 Qb5 17. Qxb5 Bxb5 18. Rc7 Bc6 19. Nc5 Rac8 20. Rxc8 Rxc8
21. Bc1 Bb4 22. Bb2 b6 23. Nd3 Be7 24. Rc1 Bb7 25. Rc3 Kf8 26. h3 Ke8 27. g4
hxg4 28. hxg4 Nh6 29. Nh2 a5 30. f3 Rxc3 31. Bxc3 Ba6 32. Nc1 Ba3 33. Bd2 Bb2
34. Be3 Ng8 35. Nf1 Ne7 36. Ng3 Nc6 37. Nge2 Nb4 38. Kf2 Kd7 39. a4 Nc2 40. f4
g6 41. Kf3 Na1 42. g5 Kc6 43. f5 gxf5 44. Nf4 Kd7 45. Nce2 Nc2 46. Bf2 Bxe2+
47. Nxe2 Na1 48. Kg3 Nxb3 49. Kh4 Nc1 50. Nf4 Nb3 51. Ne2 b5 52. axb5 a4 53. b6
a3 0-1

[Event "Weekend A"]
[Site "Bassano del Grappa ITA"]
[Date "1998.12.27"]
[Round "4"]
[White "Genocchio, Daniele"]
[Black "Dervishi, Erald"]
[Result "0-1"]
[WhiteElo "2195"]
[BlackElo "2430"]
[PlyCount "64"]
[EventDate "1998.12.26"]

1. e4 e5 2. Nc3 Nc6 3. g3 Nf6 4. Bg2 Bc5 5. Na4 d6 6. Nxc5 dxc5 7. d3 O-O 8.
Be3 Qd6 9. h3 c4 10. a3 cxd3 11. Qxd3 Qxd3 12. cxd3 Rd8 13. Bf1 Be6 14. Be2 Rd7
15. Rc1 Rad8 16. Nf3 Bb3 17. Rxc6 bxc6 18. Nxe5 Rd6 19. O-O Re6 20. Nf3 c5 21.
Bxc5 Rc6 22. Bd4 Be6 23. Kg2 Bc8 24. Bc3 Ba6 25. Ne5 Re6 26. Kf3 Rde8 27. Ng4
Nd7 28. Rd1 Nc5 29. Rd2 f5 30. Ne3 fxe4+ 31. dxe4 Nxe4 32. Rd7 Rf8+ 0-1

[Event "Weekend A"]
[Site "Bassano del Grappa ITA"]
[Date "1998.12.27"]
[Round "4"]
[White "Rossato, Armando"]
[Black "Luciani, Valerio"]
[Result "1/2-1/2"]
[WhiteElo "1923"]
[BlackElo "2230"]
[PlyCount "67"]
[EventDate "1998.12.26"]

1. d4 d5 2. Nf3 e6 3. e3 Nf6 4. Bd3 Be7 5. Nbd2 O-O 6. b3 b6 7. Qe2 Bb7 8. Bb2
Nbd7 9. O-O Ne4 10. a3 f5 11. Rfc1 Bf6 12. c4 c5 13. Rc2 Qe7 14. Ne5 cxd4 15.
exd4 Bxe5 16. dxe5 Ndc5 17. cxd5 exd5 18. b4 Ne6 19. Nf3 N4g5 20. Rac1 g6 21.
Nxg5 Qxg5 22. Rc7 Rf7 23. Rxf7 Kxf7 24. h4 Qxh4 25. Ba6 Qe7 26. Bxb7 Qxb7 27.
Qd2 Kg8 28. b5 Rc8 29. Rxc8+ Qxc8 30. Qxd5 Kf7 31. a4 Qc5 32. Qd7+ Qe7 33. Qd5
Qc5 34. Qd7+ 1/2-1/2

[Event "Weekend A"]
[Site "Bassano del Grappa ITA"]
[Date "1998.12.27"]
[Round "4"]
[White "Ventura, Boris"]
[Black "Pojer, Romeo"]
[Result "1-0"]
[WhiteElo "2115"]
[BlackElo "2125"]
[PlyCount "73"]
[EventDate "1998.12.26"]

1. e4 c5 2. Nf3 d6 3. d4 cxd4 4. Nxd4 Nf6 5. Nc3 g6 6. f3 Bg7 7. Be3 O-O 8. Qd2
Nc6 9. Bc4 Bd7 10. h4 Ne5 11. Bb3 Qa5 12. O-O-O Rfc8 13. h5 Nxh5 14. g4 Nf6 15.
Bh6 Bh8 16. Kb1 Nc4 17. Bxc4 Rxc4 18. Nd5 Qd8 19. Be3 e6 20. Nxf6+ Bxf6 21. Qh2
Qb6 22. Qxh7+ Kf8 23. Nxe6+ Bxe6 24. Bxb6 axb6 25. a3 Ke7 26. Qh2 Rc6 27. Qe2
Bc4 28. Qe3 Ra5 29. f4 Rb5 30. e5 dxe5 31. g5 Bg7 32. Rh7 Bf8 33. a4 Rbc5 34.
b4 Rd5 35. Rxd5 Bxd5 36. Qxe5+ Be6 37. f5 1-0

[Event "Weekend A"]
[Site "Bassano del Grappa ITA"]
[Date "1998.12.28"]
[Round "5"]
[White "Alberton, Roberto"]
[Black "Genocchio, Daniele"]
[Result "1-0"]
[WhiteElo "2140"]
[BlackElo "2195"]
[PlyCount "70"]
[EventDate "1998.12.26"]

1. Nf3 b6 2. b3 Bb7 3. e3 e6 4. Bb2 f5 5. Be2 Nf6 6. d3 Be7 7. Nbd2 O-O 8. c4
Qe8 9. Qc2 d6 10. h3 Nbd7 11. Rg1 e5 12. g4 fxg4 13. hxg4 Nc5 14. O-O-O e4 15.
Nd4 exd3 16. Bxd3 Nxd3+ 17. Qxd3 Nd7 18. f4 Nc5 19. Qc2 a5 20. g5 Bd8 21. Rde1
Be4 22. Nxe4 Nxe4 23. Rh1 a4 24. Qh2 h6 25. gxh6 g5 26. h7+ Kh8 27. Ne6+ Bf6
28. Nxf8 Qxf8 29. fxg5 Bg7 30. Ref1 Qe7 31. g6 a3 32. Bd4 Bxd4 33. exd4 Nc3 34.
Rf7 Qe3+ 35. Kc2 Qe4+ 1-0

[Event "Weekend A"]
[Site "Bassano del Grappa ITA"]
[Date "1998.12.28"]
[Round "5"]
[White "Dervishi, Erald"]
[Black "Rossato, Armando"]
[Result "1-0"]
[WhiteElo "2430"]
[BlackElo "1923"]
[PlyCount "63"]
[EventDate "1998.12.26"]

1. e4 c5 2. Nf3 e6 3. d4 cxd4 4. Nxd4 Nf6 5. Nc3 Nc6 6. Ndb5 d6 7. Bf4 e5 8.
Bg5 a6 9. Na3 b5 10. Nd5 Be7 11. Bxf6 Bxf6 12. c3 O-O 13. Nc2 Bg5 14. a4 Rb8
15. axb5 axb5 16. Be2 Kh8 17. O-O f5 18. Bf3 f4 19. Qd3 Bf6 20. Rfd1 g5 21. h3
Kg7 22. Ncb4 Nxb4 23. Nxb4 Rb6 24. Ra8 Qd7 25. Bg4 Qb7 26. Rxc8 Rxc8 27. Bxc8
Qxc8 28. Nd5 Rc6 29. Qxb5 Bd8 30. Ra1 h5 31. Ra7+ Kg6 32. Nb4 1-0